Auction XXX : Ancient greek and roman coins.

محفوظ في:

مؤلف مشترك: Numismatic Fine Arts, Inc.

التنسيق: كتاب

اللغة: English

منشور في: Beverly Hills : Numismatic fine arts, 1992.

الموضوعات:

الوسوم: إضافة وسم

لا توجد وسوم, كن أول من يضع وسما على هذه التسجيلة!

رقم الطلب: CJ219 .N85 1992

LEADER 00629nam a2200205Ia 4500
003 OSt
005 20251106081132.0
008 240329s1992 caua c 000 0 eng d
040 |c ARCE Library 
050 4 |a CJ219 .N85 1992 
110 2 |a Numismatic Fine Arts, Inc. 
245 1 0 |a Auction XXX :   |b Ancient greek and roman coins. 
264 1 |a Beverly Hills :  |b Numismatic fine arts,  |c 1992. 
300 |a 1 volume (unpaged) :   |b illustrations ;   |c 23 cm. 
500 |a Vente Art 1992-12-08 Beverly Hills. 
650 0 |a Coins, Greek   |v Catalogs. 
650 0 |a Coins, Roman   |v Catalogs. 
901 |a reviewed 
942 |2 lcc  |c BK 
999 |c 57906  |d 57906